Cuánto sabes de...? : (Registro nro. 2465)

Detalles MARC
000 -CABECERA
Longitud fija campo de control 01006nam a2200301 a 4500
003 - • IDENTIFICADOR DELl NÚMERO DE CONTROL
Identificador del número de control CO-ViMGA
008 - • CÓDIGOS DE INFORMACIÓN DE LONGITUD FIJA
Códigos de información de longitud fija 141112s2004 ck r 000 u spa d
020 ## - • NÚMERO INTERNACIONAL NORMALIZADO PARA LIBROS
Número Internacional Normalizado para Libros (ISBN) 9789586890304
040 ## - FUENTE DE LA CATALOGACIÓN
Centro catalogador de origen CO-ViMGA
Lengua de catalogación spa
Centro transcriptor CO-ViMGA
041 ## - • CÓDIGO DE LENGUA
Código de lengua del texto/banda sonora o título independiente SPA
082 04 - • NÚMERO DE LA CLASIFICACIÓN DECIMAL DEWEY
Número de clasificación (R) 523.2 K27c
100 1# - • PUNTO DE ACCESO PRINCIPAL-NOMBRE DE PERSONA
Nombre de persona Kerrod, Robin
245 10 - • TITULO PROPIAMENTE DICHO
Título Cuánto sabes de...? :
Resto del título las estrellas y los planetas /
Mención de responsabilidad, etc. Robin Kerrod ; traducción Lucrecia Orensanz
250 ## - • MENCIÓN DE EDICIÓN
Mención de edición 1a ed., 1a reimpr.
300 ## - • DESCRIPCIÓN FÍSICA
Extensión 40 p. : il. col. : il.
490 ## - • MENCIÓN DE SERIE
Mención de serie Cuánto sabes de...?
500 ## - • NOTA GENERAL
Nota general Incluye índice
650 14 - • PUNTO DE ACCESO ADICIONAL DE MATERIA - TÉRMINO DE MATERIA
Término de materia o nombre geográfico como elemento inicial CONSTELACIONES - ENSEÑANZA ELEMENTAL
650 14 - • PUNTO DE ACCESO ADICIONAL DE MATERIA - TÉRMINO DE MATERIA
Término de materia o nombre geográfico como elemento inicial DESDE LOS 6 AÑOS
650 14 - • PUNTO DE ACCESO ADICIONAL DE MATERIA - TÉRMINO DE MATERIA
Término de materia o nombre geográfico como elemento inicial ESTRELLAS - ENSEÑANZA ELEMENTAL
650 14 - • PUNTO DE ACCESO ADICIONAL DE MATERIA - TÉRMINO DE MATERIA
Término de materia o nombre geográfico como elemento inicial GALAXIAS - ENSEÑANZA ELEMENTAL
650 14 - • PUNTO DE ACCESO ADICIONAL DE MATERIA - TÉRMINO DE MATERIA
Término de materia o nombre geográfico como elemento inicial PLANETAS - PREGUNTAS Y RESPUESTAS
650 14 - • PUNTO DE ACCESO ADICIONAL DE MATERIA - TÉRMINO DE MATERIA
Término de materia o nombre geográfico como elemento inicial SISTEMA SOLAR - ENSEÑANZA ELEMENTAL
700 1# - • PUNTO DE ACCESO ADICIONAL - NOMBRE DE PERSONA
Nombre de persona Orensanz, Lucrecia
942 ## - ENTRADA DE ELEMENTOS AGREGADOS (KOHA)
Fuente de clasificaión o esquema Dewey Decimal Classification
Koha [por defecto] tipo de item LIbro
Existencias
Perdido Fuente de clasificación o esquema Estado Físico No para préstamo Forma de adquisición Localización permanente Localización actual Localización en estanterías Fecha adquisición Préstamos totales Código de barras Fecha última consulta Número de copia Fecha del precio de reemplazo Tipo de item de Koha Signatura completa Serie de enumeración / cronolog&íacute;a Renovaciones totales Fecha último préstamo Note pública Fuente de adquisición Calificador de ubicación codificada
  Dewey Decimal Classification     Infantil Biblioteca Pública Cubarral Biblioteca Pública Cubarral Sala Infantil 06/29/2023   CUB00031 06/29/2023 Ej.1 06/29/2023 Libro Infantil              
  Dewey Decimal Classification     Colección General Biblioteca Pública José Eustasio Rivera - San Martin Biblioteca Pública José Eustasio Rivera - San Martin Sala Infantil 07/09/2024   SM02964 07/09/2024 Ej.1 07/09/2024 LIbro 523.2 K27c            
  Dewey Decimal Classification     Colección General Biblioteca Pública Puerto López - Jorge Eliecer Gaitán Biblioteca Pública Puerto López - Jorge Eliecer Gaitán General 06/19/2025   PLZ02308 06/19/2025 Ej.1 06/19/2025 LIbro 523.2 K27c            
  Dewey Decimal Classification     Infantil Biblioteca Pública El Castillo - Alfonso Meneses Biblioteca Pública El Castillo - Alfonso Meneses Sala Infantil 08/18/2023   EC00244 08/18/2023 Ej.1 08/18/2023 Libro Infantil 523.2 K27e Ej.1            
        Colección Sala Infantil de Literatura Pocatil y Tilín Biblioteca Pública Departamental Eduardo Carranza - Villavicencio Biblioteca Pública Departamental Eduardo Carranza - Villavicencio Sala Infantil 03/04/2013   ECA21826 11/26/2024 Ej.1 11/26/2024 LIbro 523 K27e       16376 | 21163    
  Dewey Decimal Classification     Sala Infantil Segundo Piso Biblioteca Pública Germán Arciniegas - Villavicencio Biblioteca Pública Germán Arciniegas - Villavicencio   12/04/2015 2 25861 05/21/2019 Ej. 1 12/04/2015 LIbro 523.2 K27c 16/abr/2013 1 05/09/2019      
  Dewey Decimal Classification     Infantil Biblioteca Pública Mapiripan Biblioteca Pública Mapiripan Sala Infantil 01/25/2024   MAP00003697 01/25/2024 Ej.1 01/25/2024 LIbro 523.2 K27c            
  Dewey Decimal Classification       Biblioteca Pública Mesetas - Franco lodo Poloxi Biblioteca Pública Mesetas - Franco lodo Poloxi General 12/17/2024   MEE0001098 12/17/2024 Ej.1 12/17/2024 LIbro 523.2 K27c            
  Dewey Decimal Classification     Infantil Biblioteca Pública Rural El Yarí- vereda Playa Rica La Macarena Biblioteca Pública Rural El Yarí- vereda Playa Rica La Macarena Sala Infantil 06/13/2025   BPM'677 07/03/2025 Ej.1 07/03/2025 LIbro 523.2 K27c         ministerio de cultura BPM'677









Instituto Departamental de Cultura del Meta - Red Departamental de Bibliotecas Públicas del Meta.